000 01775cam a22004814i 4500
003 PE-LiUPU
005 20250731173152.0
008 150623s r 000 0 d
020 _a0825414237
035 _a(Sirsi) i9780825414237
040 _aPE-LiUPU
_bspa
_cPE-LiUPU
_erda
049 _aPRUA
082 0 4 _a220.7
_bCBP
_221
100 1 _aLaney, J.Carl,
_eautor.
245 1 0 _aPrimero y segundo de Samuel.
_n9-10 /
_cJ. Carl Laney.
264 1 _aGrand Rapids, MI :
_bPortavoz,
_c1995.
300 _a140 páginas ;
_c18 centímetros
336 _atext
_2rdacontent
337 _aunmediated
_2rdamedia
338 _avolume
_2rdacarrier
490 0 _aComentario Biblico Portavoz ;
_v9-10
504 _aIncluye Bibliografía.
505 0 _aEl ministerio de Samuel(1 Samuel 1-7). - El reinado de Saul (1 Samuel 8- 15). - El ascenso de David (1 Samuel 16-31). - Los triunfos de David (2 Samuel 1-10). - Las dificultades de David (2 Samuel 11-20). - Apendice a la carrera de David (2 Samuel 21-24).
526 _aSEG42
526 _aSEG41
526 _aSEG40
526 _aSEG39
526 _aP94
526 _aP87
526 _aP86
526 _aP85
526 _aP77
526 _aP76
526 _aP35
541 _g0001404;
630 _aBiblia.
_pA.T.
_pSamuel
_xComentarios.
700 1 _aMartínez, José Luis,
_etr.
942 _2ddc
_cBOOK
949 _a220.7 CBP 9-10
_wDEWEY
_c1
_i55013
_lCCODEBUL1
_mBUL
_r0
_sY
_tBOOK
_u2015-6-24
_xTEOLOGIA
_PP35
_0COMPRA
_o.STAFF. Colección General
994 _aC0
_bPEPRU
596 _a1
999 _a220.7 CBP 9-10
_wDEWEY
_c35481
_i55013
_f2021-11-9
_g5
_lCCODEBUL1
_mBUL
_r0
_sY
_tBOOK
_u2015-6-24
_xTEOLOGIA
_PP35
_0COMPRA
_o.STAFF. Colección General
_d35481
980 _81
_gALBERTO SANCHEZ Responsable de Automatización